| 000 | 00723nam a2200229 a 4500 | ||
|---|---|---|---|
| 003 | OSt | ||
| 005 | 20160113145523.0 | ||
| 008 | 020226s1994 esp 0011 spa d | ||
| 020 | _a84-206-1689-3 | ||
| 040 | _cBMC | ||
| 082 | _a813.5 | ||
| 100 | 1 |
_aSalinger, J. D. _917756 _d1919-2010 _q(Jerome David) |
|
| 245 | 1 | 3 |
_aEl guardián entre el centeno _cJ. D. Salinger ; [traducción, Carmen Criado] |
| 250 | _a1ª ed, 19ª reimp | ||
| 260 |
_aMadrid _bAlianza _cD.L. 1994 |
||
| 300 |
_a228 p. _c18 cm |
||
| 490 | 0 |
_aEl libro de bolsillo. Sección Literatura _v689 |
|
| 595 | _aTraducción de: The Catcher in the rye | ||
| 650 | 2 | 4 |
_917595 _aNovela norteamericana |
| 700 | 1 |
_aCriado, Carmen _937511 |
|
| 942 |
_2ddc _cBK |
||
| 999 |
_c24241 _d24241 |
||